Температурные эффекты реактивности реактора БРЕСТ-ОД-300; Физико-технические проблемы в науке, промышленности и медицине

Bibliografiska uppgifter
Parent link:Физико-технические проблемы в науке, промышленности и медицине.— 2022.— [С. 80-81]
Huvudupphovsman: Туркасов В. А.
Institutionell upphovsman: Национальный исследовательский Томский политехнический университет Инженерная школа ядерных технологий Отделение ядерно-топливного цикла
Övriga upphovsmän: Кузнецов М. С. Михаил Сергеевич
Sammanfattning:Заглавие с экрана
Språk:ryska
Publicerad: 2022
Serie:Ядерные установки, перспективные ядерные топливные циклы и технологии
Ämnen:
Länkar:http://earchive.tpu.ru/handle/11683/74545
Materialtyp: MixedMaterials Elektronisk Bokavsnitt
KOHA link:https://koha.lib.tpu.ru/cgi-bin/koha/opac-detail.pl?biblionumber=635466

MARC

LEADER 00000naa2a2200000 4500
001 635466
005 20240116103713.0
035 |a (RuTPU)RU\TPU\conf\37319 
035 |a RU\TPU\conf\37318 
090 |a 635466 
100 |a 20230125d2022 k y0rusy50 ca 
101 0 |a rus 
102 |a RU 
105 |a y z 101zy 
135 |a drcn ---uucaa 
181 0 |a i  
182 0 |a b 
200 1 |a Температурные эффекты реактивности реактора БРЕСТ-ОД-300  |f В. А. Туркасов, М. С. Кузнецов 
203 |a Текст  |c электронный 
225 1 |a Ядерные установки, перспективные ядерные топливные циклы и технологии 
300 |a Заглавие с экрана 
320 |a Библиогр.: с. 81 (2 назв.)] 
463 0 |0 (RuTPU)RU\TPU\conf\36995  |t Физико-технические проблемы в науке, промышленности и медицине  |o сборник тезисов докладов XI Международной научно-практической конференции, г. Томск, 07–09 сентября 2022 г.  |f Национальный исследовательский Томский политехнический университет, Инженерная школа ядерных технологий ; ред. кол. А. Г. Горюнов, О. Ю. Долматов, А. О. Семенов, Е. С. Сухих  |v [С. 80-81]  |d 2022 
610 1 |a труды учёных ТПУ 
610 1 |a электронный ресурс 
610 1 |a температурные эффекты 
610 1 |a реактивность 
610 1 |a быстрые реакторы 
610 1 |a БРЕСТ-ОД-300 
610 1 |a ядерный топливный цикл 
610 1 |a теплоносители 
610 1 |a безопасность 
610 1 |a физические процессы 
700 1 |a Туркасов  |b В. А. 
701 1 |a Кузнецов  |b М. С.  |c физик  |c доцент Томского политехнического университета, кандидат технических наук  |f 1984-  |g Михаил Сергеевич  |3 (RuTPU)RU\TPU\pers\30070  |9 14490 
712 0 2 |a Национальный исследовательский Томский политехнический университет  |b Инженерная школа ядерных технологий  |b Отделение ядерно-топливного цикла  |3 (RuTPU)RU\TPU\col\23554 
801 2 |a RU  |b 63413507  |c 20230201  |g RCR 
856 4 |u http://earchive.tpu.ru/handle/11683/74545 
942 |c BK